Chiamati, guidati, inviati / (Record n. 357980)

Dettagli MARC
000 -LEADER
campo di controllo lung. fissa 00679nam a22001817a 4500
003 - Identificatore del numero di controllo
campo di controllo IT-MiSPE
005 - Data e orario dell'ultima transazione
campo di controllo 20180925161600.0
008 - Elementi di lunghezza fissa--Informazione generale
campo di controllo lung. fissa 180818b ||||| |||| 00| 0 eng d
040 ## - Fonte della catalogazione
Agenzia catalografica originale IT-MiSPE
Lingua della catalogazione ita
Agenzia che fa la trascrizione IT-MiSPE
041 ## - Codice di lingua
Codice della lingua originale e/o delle traduzioni intermedie del testo ita
082 ## - Numero di classificazione Decimale Dewey
Numero di classificazione 271-778-D'A mi ch (23190)
100 ## - Accesso principale -- nome di persona
Nome di persona D'Agostino, Michele Giuseppe,
Date associate al nome 1970-
Termine di ruolo autore
9 (RLIN) 57356
245 ## - Formulazione del titolo
Titolo Chiamati, guidati, inviati /
Complemento del titolo L'identità mistica e profetica della Famiglia Paolina
260 ## - Pubblicazione, distribuzione, ecc. (stampa)
Luogo di pubblicazione, distribuzione, ecc. Roma :
Nome dell'editore, distributore, ecc. Centro internazionale di Spiritualità Paolina. Società San Paolo (uso manoscritto),
Data di pubblicazione, distribuzione, ecc. 2018.
300 ## - Descrizione fisica
Estensione 114 p. ;
Dimensioni 24 cm
655 ## - Termine d’indicizzazione--genere/forma
Termine principale di genere/forma Spiritualità della Famiglia Paolina
Suddivisione generale Gesù Maestro
9 (RLIN) 57357
942 ## - Dati aggiuntivi (Koha)
Fonte della classificazione o dello schema di collocazione (segnatura) Dewey Decimal Classification
Tipo copia default (Koha) LIBRO
Dati di copia
Ritirato (status) Perso (status) Fonte della classificazione o dello schema di collocazione (segnatura) Danneggiato (status) Non per il presito Biblioteca proprietaria Biblioteca in cui si trova Data d'acquisizione Totale prestiti Collocazione Data ultima operazione Prezzo in vigore dal Tipo copia default (Koha)
    Dewey Decimal Classification Buone Condizioni Not For Loan CINISELLO CINISELLO 18/08/2018   271-778-D'A mi ch (23190) 18/08/2018 18/08/2018 LIBRO
CREDITS: SOCIETA' SAN PAOLO Via A.Severo, 58 - ROMA (RM) & PERIODICI SAN PAOLO SRL Via Giotto, 36 MILANO & CISF Via Giotto, 36 MILANO & EDIZIONI SAN PAOLO SRL,  Piazza Soncino, 5 CINISELLO BALSAMO (MI) -- ITALY